Political Parties of Mexico - Statistics

General Stats
  • This quiz has been taken 17 times
  • The average score is 5 of 7
Answer Stats
Seats in Parliament (Hint) Answer % Correct
D: 253/500S: 67/128 National Regeneration Movement (MORENA)
100%
D: 37/500S: 14/128 Institutional Revolutionary Party (PRI)
92%
D: 71/500S: 21/128 National Action Party (PAN)
83%
D: 49/500S: 6/128 Workers' Party of Mexico (PT)
67%
D: 27/500S: 5/128 Citizens' Movement (MC)
50%
D: 62/500S: 14/128 Ecologist Green Party of Mexico (PVEM)
42%
D: 0/500S: 0/500 Party of the Democratic Revolution (PRD)
42%
No matching quizzes found
Score Distribution
Percent of People with Each Score
Percentile by Number Answered
Your Score History
You have not taken this quiz